| 000 | 01110nam a22003377a 4500 | ||
|---|---|---|---|
| 001 | 0059504 | ||
| 003 | KOHA_MİRAKIL | ||
| 005 | 20260207004231.0 | ||
| 007 | ta | ||
| 008 | 161024b2011 tu |||gr||||#||||0|tur | | ||
| 020 | _a9789750214554 | ||
| 040 |
_aTR-BiSEU _btur _cTR-BiSEU _erda |
||
| 041 | 0 | _atur | |
| 044 | _ctu | ||
| 050 |
_aTK454.15 _b.S45 2011 |
||
| 100 | 1 | _aSelek, Hasan Selçuk. | |
| 245 | 1 |
_aMeslek yüksekokulları ve fakülteleri için alternatif akım (AC) devre analizi/ _cHasan Selçuk Selek ; Hasan Selçuk Selek. |
|
| 250 | _aGözden Geçirilmiş ve Genişletilmiş 3. Baskı | ||
| 264 | 1 |
_aAnkara : _bSeçkin Yayıncılık _c2011 |
|
| 300 | _a232 sayfa; 25 cm. | ||
| 336 |
_ametin _btxt _2rdacontent |
||
| 337 |
_aaracısız _bn _2rdamedia |
||
| 338 |
_acilt _bnc _2rdacarrier |
||
| 490 | 1 |
_aTeknik Kitaplar Dizisi ; _v14. |
|
| 500 | _aDizin var. | ||
| 500 | _aKaynakça var. | ||
| 650 | 0 |
_aElektrik devreleri--Alternatif akım. _92883 |
|
| 650 | 0 |
_aElectric circuits--Alternating current. _92884 |
|
| 830 | 1 |
_aTeknik Kitaplar Dizisi ; _v14. _9110042 |
|
| 942 |
_2lcc _cBK |
||
| 999 |
_c59308 _d59308 |
||